La novia = The Bride /

-д хадгалсан:
Номзүйн дэлгэрэнгүй
Үндсэн зохиолч: Ortiz, Paula (realización)
Бусад зохиолчид: Ortiz, Paula (guión) (guión), García Arredondo, Javier (guión) (guión), Amoedo, Miguel (fotógrafo) (fotógrafo), Ezquerro, Arantxa (vestuario) (vestuario), Doz, Miriam (vestuario) (vestuario), García Arredondo, Javier (montaje) (montaje), Umebayashi, Shigero (música) (música), Cuesta, Inna (actuación) (actuación), García, Alex (actuación) (actuación), Etxeandia, Asier (actuación) (actuación)
Формат: Гулсуулах
Хэл сонгох:испани
Нөхцлүүд:
Шошгууд: Шошго нэмэх
Шошго байхгүй, Энэхүү баримтыг шошголох эхний хүн болох!

MARC

LEADER 00000ngm^a2200000^a^4500
001 000416845
005 20250521000000.0
009 20260526144152.768
037 |a Acervo ITESO - Biblioteca 
041 |a ESP 
082 |a Es 860.  |b ORT 
100 |a Ortiz, Paula  |e (realización) 
240 1 1 |a [Bodas de sangre] 
240 1 1 |a [Bodas de sangre. Adaptaciones] 
240 1 4 |a [La novia, de Paula Ortiz] 
245 1 3 |a La novia =  |b The Bride /  |c Realización de P. Ortiz. 
246 2 |a Título en la cubierta: The Bride 
246 2 |a Título en la pantalla: La novia 
264 2 |a Los Angeles, EUA :  |b Strand Releasing [distribución],  |c 2017, c2017 
300 |a 1 DVD sin dato de región (96 min.) :  |b color 
336 |a imagen móvil bidimensional  |b tdi  |2 rdacontenido 
337 |a video  |b v  |2 rdamedio 
338 |a videodisco  |b vd  |2 rdasoporte 
546 |a En español, con subtítulos opcionales: inglés 
586 |a Premio Goya, de la Academia Española de Cine (30º: 2016): Mejor Película (finalista) 
586 |a Premio Goya, de la Academia Española de Cine (30º: 2016): Mejor Dirección (finalista: Paula Ortiz) 
586 |a Premio Goya, de la Academia Española de Cine (30º: 2016): Película con más candidaturas finalistas (12) 
649 |a XX 
650 |a Tragedia 
650 |a Dramas Cinematográficos 
650 |a Cine de Mujeres -  |z España 
650 |a Cine Español -  |y 2010-2019 
650 |a Cine Español -  |y Siglo XXI 
650 |a Tragedia Española -  |x Adaptaciones para Cine 
650 |a Teatro Español -  |x Adaptaciones para Cine 
650 |a Literatura Española -  |y Siglo XX -  |x Adaptaciones para Cine 
650 |a Literatura y Cine 
650 |a Pasión Amorosa -  |x Tema Principal 
650 |a Crimen Pasional 
650 |a Infidelidad 
650 |a Celos 
650 |a Relaciones de Pareja 
650 |a Relaciones Intergénero 
650 |a Venganza 
650 |a Sangre (En Religión, Folklore, etc.) 
650 |a Muerte (En Religión, Folklore, etc.) 
650 |a Desiertos en el Cine 
650 |a Regiones Aridas en el Cine 
650 |a Aragón, España en el Cine 
650 |a Capadocia, Turquía en el Cine 
700 |a Ortiz, Paula  |e (guión) 
700 |a García Arredondo, Javier  |e (guión) 
700 |a Amoedo, Miguel  |e (fotógrafo) 
700 |a Ezquerro, Arantxa  |e (vestuario) 
700 |a Doz, Miriam  |e (vestuario) 
700 |a García Arredondo, Javier  |e (montaje) 
700 |a Umebayashi, Shigero  |e (música) 
700 |a Cuesta, Inna  |e (actuación) 
700 |a García, Alex  |e (actuación) 
700 |a Etxeandia, Asier  |e (actuación) 
910 |a Fondo General 
920 |a Audiovisuales - DVDs 
940 |a Películas 
905 |a 302 
901 |a 0500318182  |b IT2  |c DVS  |i C166861  |u 20250521 
902 |a https://opac.biblio.iteso.mx/vufind/Record/000416845